Delitos de los débiles y de los poderosos (Registro nro. 7879)

Detalles MARC
000 -LEADER
fixed length control field 01013 a2200217 4500
001 - CONTROL NUMBER
control field 62932
005 - DATE AND TIME OF LATEST TRANSACTION
control field 20260407155923.0
008 - FIXED-LENGTH DATA ELEMENTS--GENERAL INFORMATION
fixed length control field 260407a2005 arg spa d
003 - CONTROL NUMBER IDENTIFIER
control field AR-UNSa-BCEJYS
040 ## - CATALOGING SOURCE
Original cataloging agency AR-UNSa-BCEJYS
Language of cataloging spa
Transcribing agency AR-UNSa-BCEJYS
080 ## - UNIVERSAL DECIMAL CLASSIFICATION NUMBER
Universal Decimal Classification number 343.9
Common auxiliary subdivision Criminología. Criminalística
020 ## - INTERNATIONAL STANDARD BOOK NUMBER
International Standard Book Number 978-950-894-484-9
041 ## - LANGUAGE CODE
Language code of text/sound track or separate title spa
100 1# - MAIN ENTRY--PERSONAL NAME
Personal name Ruggiero, Vincenzo
245 10 - TITLE STATEMENT
Title Delitos de los débiles y de los poderosos
Name of part/section of a work Ejercicios de anticriminología
264 #1 - PRODUCTION, PUBLICATION, DISTRIBUTION, MANUFACTURE, AND COPYRIGHT NOTICE
Place of production, publication, distribution, manufacture Buenos Aires :
Name of producer, publisher, distributor, manufacturer AD-HOC
Date of production, publication, distribution, manufacture, or copyright notice 2005
300 ## - PHYSICAL DESCRIPTION
Extent 232 p.
Dimensions 23 cm.
505 ## - FORMATTED CONTENTS NOTE
Formatted contents note 1. Un modelo Fordista de la actividad criminal - 2. Bazar urbano y barricadas – 3. Culturas ilegales privadas de economías ilegales – 4. Criminalidad “Just in time” – 5. Proveedores de servicios y criminales – 6. Intercambio corrupto: ¿delitos sin víctimas? – 7. La corrupción como resentimiento – 8. La criminalidad político-administrativa como sentido del estado.
590 ## - LOCAL NOTE (RLIN)
Local note niveau_biblio:m niveau_hierar:0
942 ## - ADDED ENTRY ELEMENTS (KOHA)
Koha item type
Existencias
Withdrawn status Lost status Damaged status Not for loan Home library Current library Shelving location Date acquired Total checkouts Full call number Barcode Date last seen Price effective from Koha item type
        Biblioteca Prof. Eusebio Cleto del Rey Biblioteca Prof. Eusebio Cleto del Rey   07/04/2026   343.9 R931 L87325 07/04/2026 07/04/2026 Libro